000 00359nam a22001577a 4500
003 MPLRDC
005 20220104123426.0
008 210129b ||||| |||| 00| 0 eng d
082 _a958 MAL-2 v.2
100 _a不详
245 _a第二届马、星、婆摄影展
_c
260 _a
_b不详
_c
300 _b
650 _a
942 _cBK
_o958 MAL-2 v.2
999 _c11332
_d11322